|
|
|
|
| LEADER |
00000nam0a2200000 4500 |
| 001 |
268756 |
| 005 |
20231101234209.0 |
| 035 |
|
|
|a (RuTPU)RU\TPU\book\291911
|
| 090 |
|
|
|a 268756
|
| 100 |
|
|
|a 20140908d1987 m y0rusy50 ca
|
| 101 |
0 |
|
|a rus
|
| 102 |
|
|
|a RU
|
| 105 |
|
|
|a a z 000zd
|
| 200 |
1 |
|
|a Раздумья о будущем: Диалоги в преддверии третьего тысячелетия: Журналистка Н. Стрельцова ведет беседы с известными учеными и полит. деятелями
|f сост. Н. Стрельцова
|
| 210 |
|
|
|a Москва
|c Политиздат
|d 1987
|
| 215 |
|
|
|a 175 с.
|c ил.
|
| 600 |
|
1 |
|a Фролов
|b И. Т.
|c российский философ
|c общественный деятель
|f 1929-1999
|g Иван Тимофеевич
|c академик АН СССР
|2 stltpush
|3 (RuTPU)RU\TPU\pers\22688
|
| 600 |
|
1 |
|a Шахназаров
|b Г. Х.
|c российский юрист
|c член-корреспондент РАН
|f 1924-
|g Георгий Хосроевич
|2 stltpush
|3 (RuTPU)RU\TPU\pers\16427
|9 5825
|
| 600 |
|
1 |
|a Абалкин
|b Л. И.
|c российский экономист
|f 1930-
|g Леонид Иванович
|c академик РАН
|2 stltpush
|3 (RuTPU)RU\TPU\pers\13551
|
| 600 |
|
1 |
|a Зинченко
|b В. П.
|c российский психолог
|f 1931-
|g Владимир Петрович
|2 stltpush
|3 (RuTPU)RU\TPU\pers\17192
|9 6330
|
| 600 |
|
1 |
|a Шубкин
|b В. Н.
|c российский социолог
|c доктор философских наук
|f 1923-
|g Владимир Николаевич
|2 stltpush
|3 (RuTPU)RU\TPU\pers\22745
|9 9777
|
| 600 |
|
1 |
|a Севастьянов
|b В. И.
|c летчик-космонавт СССР
|c дважды Герой Советского Союза (3.7.1970, 27.7.1975)
|f 1935-
|g Виталий Иванович
|2 stltpush
|3 (RuTPU)RU\TPU\pers\16022
|9 5604
|
| 606 |
|
|
|a Социальное развитие
|2 stltpush
|3 (RuTPU)RU\TPU\subj\37881
|9 58652
|
| 610 |
1 |
|
|a социология
|
| 610 |
1 |
|
|a 21 век
|
| 610 |
1 |
|
|a прогнозирование
|
| 610 |
1 |
|
|a будущее
|
| 610 |
1 |
|
|a человек
|
| 610 |
1 |
|
|a свобода
|
| 686 |
|
|
|a С550
|v LBC/SL-A
|2 rubbk
|
| 702 |
|
1 |
|a Стрельцова
|b Н.
|g Нинель
|4 220
|
| 801 |
|
1 |
|a RU
|b 63413507
|c 20140908
|
| 801 |
|
2 |
|a RU
|b 63413507
|c 20170221
|g RCR
|
| 942 |
|
|
|c BK
|